000 00453nam a2200193Ia 4500
005 20250425161359.0
008 250425s9999 xx 000 0 und d
020 _a0871701677
041 _aeng
082 _a620.1923
100 _aALTAN, TAYLAN
245 0 _aMETAL FORMING: FUNDAMENTALS AND APPLICATIONS
250 _aS.E.
260 _aEstados Unidos
_bASME
_c1983
260 _aOHIO CITY
300 _a353
942 _c01
010 _a18999
999 _c208082
_d208082